000 00581naa a2200205 i 4500
001 43771
003 ES-MaBCM
005 20241016104623.0
008 050121s1996 fra 000 0 fre d
021 _axx
035 _a(OCoLC)1293196624
040 _cES-MaBCM
041 0 _afre
043 _afra
100 1 _aVanlerenberghe, Pierre
_947681
245 1 0 _aVers le contrat d'activité
_cPierre Vanlerenberghe
650 2 7 _aContrato de trabajo
_958102
773 0 _aEn:
_tProblèmes économiques
_dParis : 1996
_w104496
_gnº 2.489, oct., p. 13-17. - Loc. S.428
942 _cAREV
999 _c43771
_d43771